| 000 | 00519nam a2200193 a 4500 | ||
|---|---|---|---|
| 005 | 20210223120620.0 | ||
| 008 | 991125s1994 es 000 0 spa u | ||
| 020 | _a8437237084 | ||
| 035 | _aUPN01000004305 | ||
| 049 | _aI | ||
| 050 | 4 |
_aAE61 _bB598 no.5 |
|
| 100 | 1 |
_aBurnie, David _932246 |
|
| 245 | 1 | 3 |
_aEl árbol / _cDavid Burnie ; tr. Catherine Tussy. |
| 260 |
_aMadrid : _bAltea, _c1994. |
||
| 300 |
_a64 p. : _bil. col. |
||
| 440 | 0 |
_aBiblioteca visual Altea ; _v5 |
|
| 650 | 4 |
_aARBOLES _94728 |
|
| 905 | _aInfantil | ||
| 999 |
_c4305 _d4305 |
||